000 00297nam a22001337a 4500
008 181217b xxu||||| |||| 00| 0 eng d
020 _a978193013383
041 _aeng
080 _a610.73
100 _a2
101 _aINF
245 _aNurse's Drug Handbook 2003
_cBlanchard,
942 _2udc
_cBK
999 _c53192
_d53192